Impacts of future climate conditions and forecasted population growth on water supply systems in the puget sound region /
Spremljeno u:
| Glavni autor: | |
|---|---|
| Daljnji autori: | , |
| Format: | Članak |
| Jezik: | English |
| Teme: | |
| Oznake: |
Dodaj oznaku
Bez oznaka, Budi prvi tko označuje ovaj zapis!
|
| Thư viện lưu trữ: | Thư viện Trường Đại học Đà Lạt |
|---|
| LEADER | 01056nam a2200325 4500 | ||
|---|---|---|---|
| 001 | DLU110129700 | ||
| 005 | ##20111223 | ||
| 040 | # | # | |a DLU |b eng |
| 041 | # | # | |a eng |
| 044 | # | # | |a us |
| 100 | # | # | |a Traynham, Lee. |
| 245 | # | # | |a Impacts of future climate conditions and forecasted population growth on water supply systems in the puget sound region / |c Lee Traynham, Richard Palmer, Austin Polebitski. |
| 653 | # | # | |a Climate change |
| 653 | # | # | |a Population growth |
| 653 | # | # | |a Regional development |
| 653 | # | # | |a Water demand |
| 653 | # | # | |a Water resources |
| 653 | # | # | |a Water supply |
| 700 | # | # | |a Palmer, Richard. |
| 700 | # | # | |a Polebitski, Austin. |
| 773 | # | # | |t Journal of Water Resources Planning and Management |g Vol. 137, no. 4 (July/August 2011), p. 318-326 |
| 920 | # | # | |a Phòng Tạp chí -- Trung tâm Thông tin - Thư viện Trường Đại học Đà Lạt |
| 994 | # | # | |a DLU |
| 900 | # | # | |a True |
| 911 | # | # | |a Trương Bảo Trâm Anh |
| 925 | # | # | |a G |
| 926 | # | # | |a A |
| 927 | # | # | |a BB |
| 980 | # | # | |a Thư viện Trường Đại học Đà Lạt |